Informe sobre Chile 1993: el mejor banco de datos de Chile: actualización

Saved in:
書目詳細資料
格式: 圖書
語言:西班牙语
出版: Santiago Gestión 1993
主題:
標簽: 添加標簽
沒有標簽, 成為第一個標記此記錄!

MARC

LEADER 00000nam a2200000 a 4500
001 UCY2833
003 CL-VaPUC
008 941123e19930000CL |||||||||||||||||spa|d
082 0 4 |a 318.3  |b INF  |2 21 
245 1 0 |a Informe sobre Chile 1993: el mejor banco de datos de Chile: actualización 
942 |c BK 
945 |d 19941123 00:00:00  |a rbrito 
260 |a Santiago  |b Gestión  |c 1993 
650 7 |a INDICADORES ECONOMICOS  |2 CL-VaPUC  |9 307122 
650 7 |a INDICADORES SOCIALES  |2 CL-VaPUC  |9 307123 
651 7 |a CHILE  |2 CL-VaPUC  |9 330975 
583 |a last modification  |c 19941123 00:00:00  |k Rodrigo Vera 
999 |c 231136  |d 231134 
952 |0 0  |1 0  |4 0  |6 318_300000000000000_INF_1993  |7 0  |8 F  |9 233978  |a BIBENE  |b BIBENE  |d 2019-11-15  |i 3031977  |o 318.3 INF 1993  |p 3031977  |r 2025-01-15  |w 2019-11-15  |y BK_F  |k ICO